| 000 | 00665nam a2200241Ia 4500 | ||
|---|---|---|---|
| 001 | dia_2119 | ||
| 003 | CHAP | ||
| 005 | 20251023153159.0 | ||
| 008 | 220117s1974 xx 000 0 und d | ||
| 010 | _a172657 | ||
| 040 | _cCHAP | ||
| 082 | _a637 D4 | ||
| 100 |
_aDe Soroa y Pineda, José Ma. _9152276 |
||
| 245 |
_aIndustrias Lácteas / _c por José Ma. de Soroa y Pineda |
||
| 260 |
_aBarcelona, España : _b Aedos, _c1974 |
||
| 300 | _a364 p. | ||
| 503 | _aI.47019 (ej.1) | ||
| 650 |
_a1.Industrias lecheras. _9152277 |
||
| 901 | _a637 D4 | ||
| 902 | _aM | ||
| 905 | _a0000001974 BARA 0000000000SPA00 | ||
| 942 |
_cLIBRO _2ddc |
||
| 999 |
_c172657 _d172657 |
||